000 00695nam a2200217Ia 4500
001 17167
003 GE_BSU
008 181216s||||||||xx |||||||||||||| ||und||
040 _cGE_BSU
080 _a821.161.1-31
100 _aპუშკინი, ა.
245 _aევგენი ონეგინი : რომანი ლექსად
245 _cთარგმნა ო. ჭელიძემ. რედ. ლ.ერისთავი
260 _aთბილისი
260 _bნაკადული
260 _c1975
300 _a191გვ. ; 20სმ..
653 _aევგენი ონეგინი
653 _aრომანი
942 _cBK
999 _c50229
_d50229